| 000 | 00848nam a2200157 a 4500 | ||
|---|---|---|---|
| 008 | 140528s2010 ||||||||||||||||| || u | ||
| 050 | _aTHESIS/MBA | ||
| 100 | _aMisale, Cetty M | ||
| 245 | 1 | 4 |
_aThe role of coporate social responsibility (CSR) in the management of HIV/AIDS at the workplace and associated economic benefits: a case of the Lusaka Stock Exchange listed companies _cby Cetty M Misale |
| 260 |
_aKitwe: _bCopperbelt University, School of Business, Department of Postgraduate studies _c2010 |
||
| 300 | _axiv, 80p.: ill. | ||
| 650 | _aHIV/AIDS-- MANAGEMENT-- ZAMBIAN COMPANIES | ||
| 650 | _aHIV/AIDS MANAGEMENT-- COPORATE SOCIAL RESPONSIBILITY | ||
| 650 | _aHIV/AIDS--LISTED COMPANIES-- ZAMBIA | ||
| 995 |
_FCBU-MAIN LIBRARY (Kitwe) _M1 _UAVAILABLE _WMay 28, 2014 _ZUniversity Collection |
||
| 999 |
_c56658 _d56658 |
||